书目信息 |
| 题名: |
上海绞圈房揭秘
|
|
| 作者: | 朱亚夫 , 娄承浩 著 | |
| 分册: | ||
| 出版信息: | 上海 上海教育出版社 2020.08 |
|
| 页数: | 226页 | |
| 开本: | 20cm | |
| 丛书名: | ||
| 单 册: | ||
| 中图分类: | K928.71 | |
| 科图分类: | ||
| 主题词: | 地理--中国 | |
| 电子资源: | ||
| ISBN: | 978-7-5720-0195-6 | |
| 000 | 00896nam0 2200229 450 | |
| 001 | 2432022882 | |
| 005 | 20241104085526.97 | |
| 010 | @a978-7-5720-0195-6@dCNY69.80 | |
| 100 | @a20241104d2020 km y0chiy0120 ea | |
| 101 | 0 | @achi |
| 102 | @aCN@b310000 | |
| 200 | 1 | @a上海绞圈房揭秘@AShang Hai Jiao Quan Fang Jie Mi@e真正的本地老房子@f朱亚夫, 娄承浩著@FZhu Ya Fu,Lou Cheng Hao Zhu |
| 210 | @a上海@c上海教育出版社@d2020.08 | |
| 215 | @a226页@d20cm | |
| 330 | @a朱亚夫, 系中国散文学会、上海作家协会会员, 中华文化促进会书房文化研究中心副主任。 娄承浩, 上海现代建筑设计 ( 集团 ) 有限公司原档案室主任、副研究馆员, 上海市档案学会常务理事。 | |
| 517 | 1 | @a真正的本地老房子@AZhen Zheng De Ben Di Lao Fang Zi |
| 606 | 0 | @a地理@x中国 |
| 690 | @aK928.71@v4 | |
| 701 | 0 | @a朱亚夫@AZhu Ya Fu@4著 |
| 701 | 0 | @a娄承浩@ALou Cheng Hao@4著 |
| 801 | 0 | @aCN@b河南城建学院图书馆@c20241104 |
| 905 | @dK928.71@eZ891 | |
| 上海绞圈房揭秘:真正的本地老房子/朱亚夫, 娄承浩著.-上海:上海教育出版社,2020.08 |
| 226页;20cm |
| ISBN 978-7-5720-0195-6:CNY69.80 |
| 朱亚夫, 系中国散文学会、上海作家协会会员, 中华文化促进会书房文化研究中心副主任。 娄承浩, 上海现代建筑设计 ( 集团 ) 有限公司原档案室主任、副研究馆员, 上海市档案学会常务理事。 |
| ● |
| 相关链接 |
|
|
|
正题名:上海绞圈房揭秘
索取号:K928.71/Z891
 
预约/预借
| 序号 | 登录号 | 条形码 | 馆藏地/架位号 | 状态 | 备注 |
| 1 | 1553762 | 215537621 | 社科库309/309社科库 18排2列6层/ [索取号:K928.71/Z891] | 在馆 | |
| 2 | 1553763 | 215537630 | 社科库309/309社科库 18排2列6层/ [索取号:K928.71/Z891] | 在馆 |